000 00419cam2a220016900 4500
001 tmp15763188
003 UPRA
005 20190813131107.0
008 951023s1981 enk eng u
035 _a(Sirsi) r42935
035 _a(UPRA)tmp15763188
040 _cUPRA
245 0 4 _aThe book of executive health.
260 _aEngland :
_c1981.
949 _aRH776.5
_wLC
_i-52665
_mMAIN
_tBOOK
_lON-SHELF
004 42935
999 _c31533
_d31533